00581nam a22002057a 450000500170000001000130001702000100003003500130004003700160005304000120006908200130008110000200009424500640011424600060017826000420018427000390022630000210026565000310028665000580031720170124110254.0 aA-251851 c00.00 aA-251851 bCen Lib/Ret aDPLbEN a374bRAM aRamabrahmam, I. aAdult education policy and performance /cby I.Ramabrahmam b  bDelhiaGiyan Publishing House c1988 a29/6, Shakti Nagar bDelhie110007 ax,230p.c20m(Hb) a Adult education and state aAdult education and state -- India -- Andhra Pradesh.